| 000 | 01414nam0a22002651 4500 | ||
|---|---|---|---|
| 001 | v19\rc\1986836 | ||
| 005 | 20250619232505.0 | ||
| 035 | _a(NLR Aleph) 005077582 | ||
| 090 |
_a7161896 _c7161896 |
||
| 100 | _a20080811d1915 |||y0rusy50 ca | ||
| 101 | 0 | _arus | |
| 102 | _aRU | ||
| 105 | _ay z ||||| | ||
| 200 | 1 |
_aК вопросу об обложении судоходных предприятий и грузов, идущих по внутренним водным путям _e[(Записка, представл. Советом съездов судовладельцев Волж. бассейна г. г. министрам торговли и пром., финансов и путей сообщения)] |
|
| 210 |
_aНижний Новгород _cЭлектр. тип. "Молния" _d1915 |
||
| 215 |
_a24 с. _d26 |
||
| 311 | _aПрил. № 24 газ. "Нижегор. биржа и Волж. судоходство" | ||
| 422 | 0 |
_12001#$aНижегородская биржа и Волжское судоходство$v№ 24 _tНижегородская биржа и Волжское судоходство |
|
| 712 | 0 | 2 |
_aСовет съездов судовладельцев Волжского бассейна _cН. Новгород |
| 801 | 0 |
_aRU _bNLR _gpsbo |
|
| 801 | 0 |
_aRU _bRuMoRGB _2psbo |
|
| 801 | 1 |
_aRU _bProSoft-M _2rusmarc |
|
| 852 |
_aNLR _j64-8/620 |
||
| 942 | _cBOOK | ||
| 980 | _aNB | ||